| 000 | 00804cam a2200277 4500 | ||
|---|---|---|---|
| 001 | sa 68012746 | ||
| 003 | DLC | ||
| 005 | 20260227112614.0 | ||
| 008 | 691024s1966 pk b 00010 eng | ||
| 010 | _asa 68012746 //r922 | ||
| 025 | _aPL480:EP-E-390 | ||
| 040 |
_aDLC _cDLC _dDLC |
||
| 050 | 0 | 0 |
_aHC335 _b.A652 |
| 082 | 0 | 0 | _a338.947 |
| 100 | 1 | 0 | _aAli, A. |
| 245 | 1 | 0 |
_aEconomic development of the Soviet Union, _cby A. Ali, A. Zaman [and] A. Baset. |
| 250 | _a[1st ed.] | ||
| 260 | 0 |
_aDacca, _bIdeal Library _c[1966] |
|
| 300 |
_avi (i.e. iv) 127 p. _c22 cm. |
||
| 350 | _a5.00 | ||
| 490 | 0 | _aEconomic development series, no. 1 | |
| 504 | _aBibliography: p. [123] | ||
| 651 | 0 |
_aSoviet Union _xEconomic policy. |
|
| 700 | 1 | 0 |
_aZaman, A., _ejoint author. |
| 700 | 1 | 0 |
_aBaset, A., _ejoint author. |
| 999 |
_c84720 _d84720 |
||